Towards total literacy / (Record no. 50715)
[ view plain ]
| 000 -LEADER | |
|---|---|
| fixed length control field | 00777nam a2200253 a 4500 |
| 001 - CONTROL NUMBER | |
| control field | 50715 |
| 003 - CONTROL NUMBER IDENTIFIER | |
| rucl marc code | BD-RjUL |
| 005 - DATE AND TIME OF LATEST TRANSACTION | |
| control field | 20211209075543.0 |
| 008 - FIXED-LENGTH DATA ELEMENTS--GENERAL INFORMATION | |
| fixed length control field | 160828s1997 ii 00100 eng d |
| 035 ## - SYSTEM CONTROL NUMBER | |
| System control number | (BD-RjUL)50835 |
| 040 ## - CATALOGING SOURCE | |
| Original cataloging agency | ANL |
| Transcribing agency | ANL |
| Language of cataloging | eng |
| Modifying agency | BD-RjUL |
| 041 ## - LANGUAGE CODE | |
| Language code of text/sound track or separate title | eng |
| 082 04 - DEWEY DECIMAL CLASSIFICATION NUMBER | |
| Classification number | 379.24 |
| Edition number | 21 |
| Author mark and year | NAT 1997 |
| 100 1# - MAIN ENTRY--PERSONAL NAME | |
| Personal name | Nagappa, T. R. |
| 9 (RLIN) | 151830 |
| 245 10 - TITLE STATEMENT | |
| Title | Towards total literacy / |
| Statement of responsibility, etc. | T. R. Nagappa and H. R. Chandravadana Rao |
| 260 ## - PUBLICATION, DISTRIBUTION, ETC. (IMPRINT) | |
| Place of publication, distribution, etc. | India : |
| Name of publisher, distributor, etc. | Vikas Publishing house ltd., |
| Date of publication, distribution, etc. | c1997 |
| 300 ## - PHYSICAL DESCRIPTION | |
| Pagination | V,121 p. ; |
| Size | 22 cm. |
| 650 #0 - SUBJECT ADDED ENTRY--TOPICAL TERM | |
| Topical term or geographic name as entry element | Literacy |
| Geographic subdivision | India. |
| 9 (RLIN) | 151831 |
| Topical term or geographic name as entry element | Literacy programs |
| Geographic subdivision | India. |
| 9 (RLIN) | 151832 |
| Topical term or geographic name as entry element | Adult education |
| Geographic subdivision | India. |
| 9 (RLIN) | 151759 |
| Topical term or geographic name as entry element | Education |
| Geographic subdivision | India. |
| 9 (RLIN) | 151833 |
| 700 ## - ADDED ENTRY--PERSONAL NAME | |
| Personal name | Rao, H. R. Chandravadana |
| 942 ## - ADDED ENTRY ELEMENTS (KOHA) | |
| Source of classification or shelving scheme | Dewey Decimal Classification |
| Koha item type | Books |
| Lost status | Source of classification or shelving scheme | Damaged status | Not for loan | Collection code | Permanent Location | Current Location | Shelving location | Date acquired | Source of acquisition | Cost, normal purchase price | Total Checkouts | Full call number | Date last seen | Copy number | Koha item type |
|---|---|---|---|---|---|---|---|---|---|---|---|---|---|---|---|
| Dewey Decimal Classification | Non-fiction | Central Library, University of Rajshahi | Central Library, University of Rajshahi | 16/09/1999 | New delhi | 395.00 | 379.24 NAT 1997 | 28/08/2016 | C-2 | Books |